Outdoor Access Scotland (Record no. 120747)

MARC details
000 -LEADER
fixed length control field 00805cai a22001935a 4500
001 - CONTROL NUMBER
control field E146068
008 - FIXED-LENGTH DATA ELEMENTS--GENERAL INFORMATION
fixed length control field 081205u xxk g 000 0 eng d
035 ## - SYSTEM CONTROL NUMBER
System control number (Sirsi) u146068
041 0# - LANGUAGE CODE
Language code of text/sound track or separate title eng
110 2# - MAIN ENTRY--CORPORATE NAME
Corporate name or jurisdiction name as entry element Outdoor Access Scotland
9 (RLIN) 5665
245 00 - TITLE STATEMENT
Title Outdoor Access Scotland
Medium [electronic resource]
520 ## - SUMMARY, ETC.
Summary, etc. Website for Outdoor Access Scotland which provides information on access rights and responsibilities under the Scottish Outdoor Access Code. Includes advice for land managers, recreation managers and the public.
590 ## - LOCAL NOTE (RLIN)
Local note KA
650 24 - SUBJECT ADDED ENTRY--TOPICAL TERM
Topical term or geographic name entry element SCOTTISH OUTDOOR ACCESS CODE
651 #4 - SUBJECT ADDED ENTRY--GEOGRAPHIC NAME
Geographic name Scotland
Chronological subdivision 1999-
690 ## - LOCAL SUBJECT ADDED ENTRY--TOPICAL TERM (OCLC, RLIN)
Topical term or geographic name as entry element ENVIRONMENTAL AND LAND CONSULTANCY
856 40 - ELECTRONIC LOCATION AND ACCESS
Uniform Resource Identifier <a href="https://www.outdooraccess-scotland.com">https://www.outdooraccess-scotland.com</a>
Public note View the website free of charge at www.outdooraccess-scotland.com...
942 ## - ADDED ENTRY ELEMENTS (KOHA)
Suppress in OPAC 0
Holdings
Withdrawn status Lost status Source of classification or shelving scheme Damaged status Not for loan Home library Current library Shelving location Date acquired Total Checkouts Full call number Barcode Date last seen Copy number Price effective from Koha item type
    Dewey Decimal Classification     Virtual Virtual Online 05/12/2008   WEBSITE 146068-2001 06/08/2019 1 06/08/2019 Online material